[Event "tm FRA 1st"]
[Site "France"]
[Date "1999.??.??"]
[Round "2"]
[White "Duchene, Nathalie"]
[Black "Bonvalot, Isabelle"]
[Result "1-0"]
[WhiteElo "1960"]
[BlackElo "2000"]
[Annotator "Noyon-Chess XV"]
[PlyCount "71"]
[EventDate "1999.??.??"]

1. d4 f5 2. g3 Nf6 3. Bg2 g6 4. Nf3 Bg7 5. O-O O-O 6. b4 d6 7. Bb2 Ne4 8. Nfd2
d5 9. c4 c6 10. f3 Ng5 11. e3 Be6 12. Qe2 Na6 13. a3 Nc7 14. Nc3 Bf7 15. cxd5
Nxd5 16. Rac1 Qd7 17. Nxd5 Bxd5 18. Nc4 Nf7 19. Rfd1 Rad8 20. e4 Qe6 21. Qc2
Bxc4 22. Qxc4 Qxc4 23. Rxc4 fxe4 24. fxe4 Nd6 25. Rc2 Nb5 26. Rcd2 Bh6 27. Rd3
Nd6 28. Bc1 Bxc1 29. Rxc1 Nf7 30. d5 Ne5 31. Rdc3 a6 32. a4 Rf6 33. b5 axb5 34.
axb5 cxb5 35. Rc7 b4 36. Rxe7 1-0

[Event "tm FRA 1st"]
[Site "France"]
[Date "1999.??.??"]
[Round "2"]
[White "Rotstein, Arkadij"]
[Black "Gachon, Lionel"]
[Result "1-0"]
[WhiteElo "2493"]
[BlackElo "2285"]
[Annotator "Monaco-Avignon"]
[PlyCount "101"]
[EventDate "1999.??.??"]

1. Nf3 c5 2. c4 Nf6 3. d4 cxd4 4. Nxd4 b6 5. Nc3 Bb7 6. f3 Nc6 7. e4 Qb8 8. Be3
e6 9. Qd2 Be7 10. Rd1 O-O 11. Be2 Rd8 12. O-O d5 13. exd5 exd5 14. Nf5 Bb4 15.
Bh6 Qe5 16. Qg5 g6 17. Bg7 Qxf5 18. Qxf5 gxf5 19. Bxf6 Re8 20. Bd3 dxc4 21.
Bxc4 Ne5 22. Bd5 Bxd5 23. Nxd5 Bc5+ 24. Kh1 Nc4 25. b4 Bf8 26. Rd3 Rac8 27. f4
h6 28. Rg3+ Kh7 29. Bc3 Rc6 30. b5 Rd6 31. Nf6+ Rxf6 32. Bxf6 Nd2 33. Rc1 Ne4
34. Be5 Nxg3+ 35. hxg3 Bc5 36. Rd1 Bf2 37. Rd7 Kg6 38. Kh2 Rc8 39. Rd6+ Kh7 40.
Rf6 Rc5 41. Rxf7+ Kg8 42. Rxf5 Rxb5 43. Rf6 Ra5 44. Rxh6 Rxa2 45. g4 Ra3 46. f5
Re3 47. Rh8+ Kf7 48. Bf4 Re4 49. g3 b5 50. g5 b4 51. g6+ 1-0

[Event "tm FRA 1st"]
[Site "France"]
[Date "1999.??.??"]
[Round "2"]
[White "Verdier, Patrice"]
[Black "Miralles, Gilles"]
[Result "0-1"]
[WhiteElo "2285"]
[BlackElo "2491"]
[Annotator "Avignon-Monaco"]
[PlyCount "68"]
[EventDate "1999.??.??"]

1. d4 Nf6 2. c4 g6 3. Nc3 Bg7 4. e4 d6 5. f4 O-O 6. Nf3 c5 7. d5 e6 8. Be2 b5
9. cxb5 exd5 10. e5 dxe5 11. fxe5 Ne4 12. Qxd5 Nxc3 13. Qxd8 Rxd8 14. bxc3 Bf5
15. O-O Nd7 16. Ba3 Rac8 17. Rad1 Re8 18. Bc4 Nxe5 19. Nxe5 Bxe5 20. g4 Be6 21.
Bxe6 Rxe6 22. Rd7 Bxc3 23. Rxa7 Bd4+ 24. Kh1 Rb6 25. Rfxf7 Rxb5 26. Rxh7 Re8
27. Rhc7 Rb1+ 28. Kg2 Rg1+ 29. Kf3 Rf1+ 30. Kg2 Rf2+ 31. Kg3 Ref8 32. Bxc5 Be5+
33. Kh4 Rxh2+ 34. Kg5 Bf4+ 0-1

[Event "tm FRA 1st"]
[Site "France"]
[Date "1999.??.??"]
[Round "2"]
[White "Kosten, Anthony"]
[Black "Weill, Roland"]
[Result "1-0"]
[WhiteElo "2502"]
[BlackElo "2217"]
[Annotator "Monaco-Avignon"]
[PlyCount "81"]
[EventDate "1999.??.??"]

1. c4 g6 2. g3 Bg7 3. Bg2 e5 4. Nc3 d6 5. e4 Nd7 6. Nge2 Ne7 7. O-O O-O 8. d3
f5 9. Be3 Nf6 10. f3 Be6 11. b3 Qd7 12. Qd2 Rf7 13. Nd5 Nh5 14. Rae1 Raf8 15.
Nxe7+ Qxe7 16. exf5 gxf5 17. f4 b6 18. d4 e4 19. d5 Bd7 20. Bd4 Bxd4+ 21. Nxd4
Nf6 22. Bh3 Ne8 23. Re3 a5 24. a3 h5 25. Nf3 exf3 26. Rxe7 Rxe7 27. Rxf3 Nf6
28. Re3 Rfe8 29. Rxe7 Rxe7 30. Qd3 Re4 31. Bg2 Re1+ 32. Kf2 Re7 33. Bf3 Kf7 34.
c5 dxc5 35. d6 cxd6 36. Qxd6 Ne4+ 37. Bxe4 fxe4 38. Ke3 Bf5 39. Qxb6 Rd7 40.
Qxc5 Rd3+ 41. Kf2 1-0

[Event "tm FRA 1st"]
[Site "France"]
[Date "1999.??.??"]
[Round "2"]
[White "Jean, Olivier"]
[Black "Atlas, Valeri"]
[Result "0-1"]
[WhiteElo "2263"]
[BlackElo "2457"]
[Annotator "Avignon-Monaco"]
[PlyCount "78"]
[EventDate "1999.??.??"]

1. Nf3 c5 2. c4 Nf6 3. g3 b6 4. Bg2 Bb7 5. Nc3 e6 6. O-O Be7 7. Re1 Ne4 8. Nxe4
Bxe4 9. d3 Bb7 10. e4 O-O 11. d4 cxd4 12. Nxd4 d6 13. b3 a6 14. Ba3 Qc7 15. Qe2
Nd7 16. Rad1 Rad8 17. Bh3 Nc5 18. f3 Bf6 19. Qc2 d5 20. cxd5 exd5 21. e5 Bxe5
22. Qd2 Rfe8 23. Bb2 Bc8 24. Bf1 Bf6 25. b4 Rxe1 26. Rxe1 Bxd4+ 27. Qxd4 Ne6
28. Qh4 h6 29. Be5 Qd7 30. Bh3 Re8 31. Rc1 Qd8 32. Qh5 d4 33. f4 d3 34. Rc6 Qd5
35. Rd6 Qe4 36. Qd1 Bb7 37. Kf2 Bd5 38. Qe1 Ng5 39. Qxe4 Nxe4+ 0-1

[Event "tm FRA 1st"]
[Site "France"]
[Date "1999.??.??"]
[Round "2"]
[White "Borgo, Giulio"]
[Black "Cursoux, Laurent"]
[Result "1-0"]
[WhiteElo "2448"]
[BlackElo "2230"]
[Annotator "Monaco-Avignon"]
[PlyCount "79"]
[EventDate "1999.??.??"]

1. e4 c5 2. Nf3 d6 3. d4 cxd4 4. Nxd4 Nf6 5. f3 g6 6. c4 Bg7 7. Be3 O-O 8. Nc3
Nc6 9. Qd2 Nxd4 10. Bxd4 Be6 11. Rc1 Rc8 12. b3 a6 13. Be3 Qa5 14. Na4 Qxd2+
15. Kxd2 Nd7 16. Bd3 f5 17. exf5 Bxf5 18. Be2 Rcd8 19. Rhd1 Nf6 20. Nb6 Rfe8
21. Ke1 Be6 22. Rd2 Bf7 23. Kf2 Nd7 24. Nd5 Nf6 25. Nb6 Nd7 26. Rcd1 Nxb6 27.
Bxb6 Rc8 28. f4 Rc6 29. Be3 Bc3 30. Rd3 Ba5 31. Bf3 Rc7 32. a4 b5 33. axb5 axb5
34. cxb5 Rb8 35. Bc6 Bb6 36. Bxb6 Rxb6 37. Ra1 Bxb3 38. Rxb3 Rcxc6 39. bxc6
Rxb3 40. Ra8+ 1-0

[Event "tm FRA 1st"]
[Site "France"]
[Date "1999.??.??"]
[Round "2"]
[White "Salus, Stephane"]
[Black "Lanzani, Mario"]
[Result "1/2-1/2"]
[WhiteElo "2237"]
[BlackElo "2393"]
[Annotator "Avignon-Monaco"]
[PlyCount "99"]
[EventDate "1999.??.??"]

1. d4 Nf6 2. c4 e6 3. Nf3 b6 4. a3 Bb7 5. Nc3 d5 6. Bg5 Be7 7. Qa4+ c6 8. cxd5
exd5 9. Bxf6 Bxf6 10. g3 O-O 11. Bg2 Nd7 12. O-O Re8 13. Rfd1 a5 14. e3 g6 15.
h4 Bg7 16. Rd2 b5 17. Qd1 Nb6 18. a4 Nc4 19. axb5 Nxd2 20. Qxd2 cxb5 21. Nxb5
Qb6 22. Nc3 Bc6 23. Ne1 Red8 24. Nd3 Bf8 25. Qd1 Bb4 26. Na4 Bxa4 27. Qxa4 Bf8
28. Qa2 Qc6 29. Nf4 Qc2 30. Bxd5 Ra7 31. Bb3 Qd2 32. Rd1 Qb4 33. Nd3 Qb6 34.
Ne5 Qf6 35. Rc1 Bd6 36. Rc6 Qf5 37. Bc2 Qf6 38. b4 Qe7 39. bxa5 Bxe5 40. dxe5
Qb4 41. Rf6 Qc3 42. Bb3 Rxa5 43. Bxf7+ Kg7 44. Qc4 Rd1+ 45. Kh2 Qe1 46. Qc6
Rxe5 47. Rf4 Rf5 48. Bb3 Qg1+ 49. Kh3 Qf1+ 50. Kh2 1/2-1/2

[Event "tm FRA 1st"]
[Site "France"]
[Date "1999.??.??"]
[Round "2"]
[White "Kesmaecker, Philippe"]
[Black "Blachier, Pierre"]
[Result "1-0"]
[WhiteElo "2293"]
[BlackElo "2135"]
[Annotator "Monaco-Avignon"]
[PlyCount "72"]
[EventDate "1999.??.??"]

1. b4 e5 2. Bb2 d6 3. e3 Nf6 4. c4 Nbd7 5. Nf3 e4 6. Nd4 Ne5 7. f4 Nc6 8. Nxc6
bxc6 9. Be2 d5 10. c5 Be7 11. Qa4 Bd7 12. Qa5 O-O 13. Na3 Ng4 14. Nc2 Nh6 15.
O-O f5 16. Be5 Bf6 17. Bxc7 Qe8 18. Rab1 Nf7 19. Kh1 Kh8 20. a4 g5 21. g3 Kg7
22. b5 Nd8 23. fxg5 Bxg5 24. Nd4 h5 25. Qb4 h4 26. gxh4 Bxh4 27. Rg1+ Kh6 28.
Rg2 Rg8 29. Rxg8 Qxg8 30. Rg1 Qe8 31. Qb1 Qf8 32. Qf1 f4 33. Bxf4+ Kh7 34. Bh5
Qxc5 35. Bg6+ Kg7 36. Bf5+ Kf8 1-0

[Event "tm FRA 1st"]
[Site "France"]
[Date "1999.??.??"]
[Round "2"]
[White "Piquemal, Christiane"]
[Black "Lebel, Julia"]
[Result "0-1"]
[WhiteElo "2050"]
[BlackElo "2073"]
[Annotator "Avignon-Monaco"]
[PlyCount "144"]
[EventDate "1999.??.??"]

1. d4 Nf6 2. c4 e6 3. Nc3 b6 4. Nf3 Bb7 5. e3 Bb4 6. Bd2 O-O 7. Bd3 Bxc3 8.
Bxc3 Ne4 9. Bb4 d6 10. Qc2 f5 11. O-O Nd7 12. Nd2 c5 13. Bxe4 fxe4 14. Bc3 cxd4
15. Bxd4 e5 16. Bc3 Nc5 17. b4 Nd3 18. a4 Qh4 19. Nb3 Rf6 20. f4 exf3 21. gxf3
Qxc4 22. Nd2 Nxb4 23. Qb2 Rg6+ 24. Kh1 Qe2 25. Ne4 Qxb2 26. Bxb2 Nc2 27. Rac1
Nxe3 28. Rfe1 Nf5 29. Rc7 Ba6 30. Rg1 Rxg1+ 31. Kxg1 Be2 32. Kf2 Bd1 33. Nc3
Bb3 34. Ke1 a6 35. Rb7 b5 36. axb5 axb5 37. Rxb5 Bc4 38. Rb7 d5 39. Kd2 d4 40.
Ne4 Bd5 41. Rb5 Bxe4 42. fxe4 Nd6 43. Rd5 Nc4+ 44. Kc1 Rc8 45. Bxd4 exd4 46.
Rxd4 Kf7 47. Rd7+ Kf6 48. Kd1 Re8 49. Rd4 Ne5 50. Ke2 Re6 51. Kf2 Ra6 52. Rd8
Ra2+ 53. Kg3 Re2 54. Rf8+ Ke7 55. Rg8 Kf7 56. Rh8 h6 57. Ra8 Rxe4 58. h4 h5 59.
Ra6 g6 60. Ra1 Rg4+ 61. Kh3 Rf4 62. Kg3 Rf3+ 63. Kg2 Rb3 64. Ra4 Kf6 65. Rf4+
Ke6 66. Rf8 Ng4 67. Rg8 Kf5 68. Rf8+ Ke4 69. Rg8 Ne3+ 70. Kh2 Kf5 71. Kh3 Nd5+
72. Kh2 Nf4 0-1

[Event "tm FRA 1st"]
[Site "France"]
[Date "1999.??.??"]
[Round "2"]
[White "Magem Badals, Jordi"]
[Black "Prie, Eric"]
[Result "1/2-1/2"]
[WhiteElo "2500"]
[BlackElo "2500"]
[Annotator "Orange-Montpellier"]
[PlyCount "61"]
[EventDate "1999.??.??"]

1. e4 c5 2. Nf3 g6 3. d4 cxd4 4. Nxd4 Nc6 5. Nc3 Bg7 6. Be3 Nf6 7. Bc4 O-O 8.
Bb3 d6 9. f3 Nxd4 10. Bxd4 Be6 11. Qd2 Rc8 12. O-O-O Bxb3 13. axb3 Qa5 14. Kb1
Rc6 15. Nd5 Qd8 16. Qb4 Nxd5 17. exd5 Rc7 18. Bxg7 Kxg7 19. Qd4+ Kg8 20. h4 Qc8
21. h5 Rxc2 22. hxg6 fxg6 23. Rxh7 Kxh7 24. Rh1+ Kg8 25. Rh8+ Kf7 26. Qf4+ Qf5
27. Qxf5+ gxf5 28. Rxf8+ Kxf8 29. Kxc2 Kf7 30. Kd3 Kf6 31. Kd4 1/2-1/2

[Event "tm FRA 1st"]
[Site "France"]
[Date "1999.??.??"]
[Round "2"]
[White "Goldgewicht, Lionel"]
[Black "Flear, Glenn"]
[Result "0-1"]
[WhiteElo "2353"]
[BlackElo "2484"]
[Annotator "Orange-Montpellier"]
[PlyCount "102"]
[EventDate "1999.??.??"]

1. e4 e5 2. Nf3 Nc6 3. d4 exd4 4. Nxd4 Bc5 5. Be3 Qf6 6. c3 Qg6 7. Qe2 Nxd4 8.
Bxd4 Bxd4 9. cxd4 Ne7 10. Nc3 O-O 11. O-O-O c6 12. f3 d5 13. Qd2 dxe4 14. fxe4
Rd8 15. Be2 Be6 16. Bf3 b5 17. Kb1 Rac8 18. Ka1 a5 19. Qe3 f5 20. d5 fxe4 21.
dxe6 exf3 22. gxf3 b4 23. Ne2 Qf6 24. Rd7 Re8 25. Nf4 Nd5 26. Nxd5 cxd5 27. Rg1
g6 28. Qh6 Re7 29. Re1 Rce8 30. Rxe7 Rxe7 31. Qe3 Kg7 32. Kb1 a4 33. h3 a3 34.
Qe5 Rxe6 35. Qxf6+ Kxf6 36. Rd1 Ke5 37. bxa3 bxa3 38. Rd3 Ra6 39. Kc2 d4 40.
Kd2 h5 41. h4 Kf4 42. Rxd4+ Kxf3 43. Ke1 Kg3 44. Re4 Kh3 45. Kf2 Rc6 46. Re3+
Kxh4 47. Rxa3 Rc2+ 48. Kg1 g5 49. Ra4+ g4 50. Ra5 g3 51. a4 Ra2 0-1

[Event "tm FRA 1st"]
[Site "France"]
[Date "1999.??.??"]
[Round "2"]
[White "Fressinet, Laurent"]
[Black "Santo-Roman, Marc"]
[Result "1/2-1/2"]
[WhiteElo "2424"]
[BlackElo "2381"]
[Annotator "Montpellier-Orange"]
[PlyCount "61"]
[EventDate "1999.??.??"]

1. e4 Nf6 2. e5 Nd5 3. d4 d6 4. Nf3 g6 5. Bc4 Nb6 6. Bb3 Bg7 7. a4 a5 8. Ng5 e6
9. f4 dxe5 10. fxe5 c5 11. c3 cxd4 12. O-O O-O 13. cxd4 Nc6 14. Nf3 f6 15. exf6
Qxf6 16. Be3 Nd5 17. Bf2 Nf4 18. Kh1 Qf5 19. Nc3 Bd7 20. Bg3 Qg4 21. Qd2 Rad8
22. Rae1 Bc8 23. Re4 Bh6 24. Qe1 Kh8 25. d5 exd5 26. Nxd5 g5 27. Nxf4 gxf4 28.
Bh4 Rd3 29. Ba2 Re3 30. Rxe3 fxe3 31. Bb3 1/2-1/2

[Event "tm FRA 1st"]
[Site "France"]
[Date "1999.??.??"]
[Round "2"]
[White "Guadalpi, David"]
[Black "Touzane, Olivier"]
[Result "0-1"]
[WhiteElo "2500"]
[BlackElo "2500"]
[Annotator "Orange-Montpellier"]
[PlyCount "128"]
[EventDate "1999.??.??"]

1. e4 c5 2. Nf3 d6 3. d4 cxd4 4. Nxd4 Nf6 5. Nc3 a6 6. Be3 Ng4 7. Bg5 h6 8. Bh4
g5 9. Bg3 Bg7 10. h3 Ne5 11. Be2 Nbc6 12. Nb3 Be6 13. Nd5 b5 14. c3 Rb8 15. h4
Nc4 16. Rb1 N6e5 17. Nd4 Bd7 18. b3 Nb6 19. Qd2 e6 20. Ne3 Rc8 21. Rc1 Qf6 22.
h5 O-O 23. O-O Bc6 24. f4 gxf4 25. Rxf4 Qg5 26. Nef5 Bxe4 27. Nxd6 Ba8 28. Nxc8
Rxc8 29. Qe1 Nd5 30. Nf3 Nxf3+ 31. Rxf3 Ne3 32. c4 bxc4 33. Rxe3 Qxe3+ 34. Kh2
Qe4 35. Qf1 c3 36. Bxa6 Rd8 37. Be2 Rd2 38. Re1 c2 39. Kh1 Rxe2 40. Rxe2 Qxe2
41. Qxe2 c1=Q+ 42. Kh2 Qc3 43. Bf4 Bd5 44. Bd6 Qd4 45. Bg3 Qb2 46. Qxb2 Bxb2
47. Bf4 Kg7 48. g4 f6 49. Be3 Be5+ 50. Kh3 Bd6 51. Bd2 Bc7 52. Bc1 Bd6 53. Bd2
Ba3 54. Bc3 Be4 55. b4 Bb1 56. b5 e5 57. Kg3 Bxa2 58. Ba5 Bc4 59. b6 Bd5 60.
Kf2 Bc5+ 61. Ke2 e4 62. Ke1 Kf7 63. Ke2 Bc4+ 64. Ke1 Ba6 0-1

[Event "tm FRA 1st"]
[Site "France"]
[Date "1999.??.??"]
[Round "2"]
[White "Sellos, Didier"]
[Black "Guidarelli, Laurent"]
[Result "0-1"]
[WhiteElo "2383"]
[BlackElo "2272"]
[Annotator "Montpellier-Orange"]
[PlyCount "80"]
[EventDate "1999.??.??"]

1. d4 Nf6 2. c4 c5 3. d5 b5 4. a4 b4 5. Nd2 e5 6. g3 d6 7. Bg2 g6 8. e4 Bg7 9.
Ne2 O-O 10. b3 Nh5 11. Ng1 Qe8 12. Bb2 f5 13. Qe2 Nd7 14. Nh3 Ndf6 15. f3 Bh6
16. Nf2 Bd7 17. Rf1 a5 18. Qd3 Qe7 19. Kd1 Rf7 20. Kc2 Raf8 21. Rae1 Ng7 22.
Qe2 Nfh5 23. Bc1 Qe8 24. Kb2 Bg5 25. Nd3 Bf6 26. Kb1 Bg5 27. Bh3 Bxd2 28. Bxd2
fxe4 29. Bxd7 Qxd7 30. Qxe4 Nf5 31. f4 Nd4 32. Nc1 Nf6 33. Qd3 e4 34. Qe3 Re8
35. Qf2 Ng4 36. Qg1 e3 37. Rxe3 Nxe3 38. Bxe3 Qf5+ 39. Kb2 Qc2+ 40. Ka1 Qc3+
0-1

[Event "tm FRA 1st"]
[Site "France"]
[Date "1999.??.??"]
[Round "2"]
[White "Kovarcik, Thomas"]
[Black "Sarthou, Gaetan"]
[Result "0-1"]
[WhiteElo "2181"]
[BlackElo "2326"]
[Annotator "Orange-Montpellier"]
[PlyCount "108"]
[EventDate "1999.??.??"]

1. e4 c5 2. Nc3 Nc6 3. f4 e6 4. Nf3 d5 5. Bb5 Nf6 6. d3 Bd7 7. O-O a6 8. Bxc6
Bxc6 9. Ne5 Rc8 10. a4 Be7 11. Nxc6 Rxc6 12. e5 Nd7 13. Qg4 g6 14. Qe2 h5 15.
a5 c4 16. Bd2 Bb4 17. Nd1 cxd3 18. Qxd3 Nc5 19. Qe2 Bxd2 20. Qxd2 Ne4 21. Qd3
Qe7 22. c3 h4 23. Ne3 Ng3 24. Rf2 Nf5 25. Nxf5 gxf5 26. Ra4 Qc5 27. Qd4 Qxd4
28. Rxd4 Kd7 29. Rb4 Kc7 30. Rd2 Rc5 31. Ra4 Rc8 32. Rdd4 Kb8 33. Kf2 Rb5 34.
Rdb4 Ka7 35. Ke3 d4+ 36. Kxd4 Rxb4+ 37. Rxb4 Rg8 38. Rc4 Kb8 39. Ke3 Rxg2 40.
b4 Rxh2 41. Kf3 Rh3+ 42. Kg2 Re3 43. Rc5 Re4 44. Kf3 h3 45. Kg3 Rxf4 46. Kxh3
Rg4 47. Kh2 Rg8 48. Rc4 Rc8 49. Rd4 Rxc3 50. Rd7 Re3 51. Rxf7 Rxe5 52. Kg3 Re4
53. Re7 Rxb4 54. Rxe6 Rb5 0-1

[Event "tm FRA 1st"]
[Site "France"]
[Date "1999.??.??"]
[Round "2"]
[White "Letreguilly, Olivier"]
[Black "Kovarcik, Guillaume"]
[Result "0-1"]
[WhiteElo "2245"]
[BlackElo "2165"]
[Annotator "Montpellier-Orange"]
[PlyCount "56"]
[EventDate "1999.??.??"]

1. d4 d5 2. c4 c6 3. Nc3 dxc4 4. e4 b5 5. a4 b4 6. Na2 Nf6 7. e5 Nd5 8. Bxc4 a5
9. Nf3 Ba6 10. Qe2 e6 11. Bd2 Qb6 12. O-O c5 13. dxc5 Bxc5 14. Nc1 O-O 15. Nb3
Rc8 16. Rac1 Nd7 17. Bxa6 Qxa6 18. Qe4 Bb6 19. Ng5 Nf8 20. Qf3 Qa7 21. h4 h6
22. Ne4 Qe7 23. Nd6 Rd8 24. Rc4 Ng6 25. Qg3 Nxe5 26. Bxh6 f6 27. Re1 Nxc4 28.
Rxe6 Qc7 0-1

[Event "tm FRA 1st"]
[Site "France"]
[Date "1999.??.??"]
[Round "2"]
[White "Guadalpi, Celine"]
[Black "Flear, Christine"]
[Result "0-1"]
[WhiteElo "1980"]
[BlackElo "2210"]
[Annotator "Orange-Montpellier"]
[PlyCount "128"]
[EventDate "1999.??.??"]

1. e4 c5 2. c3 Nf6 3. e5 Nd5 4. d4 cxd4 5. Nf3 Nc6 6. Bc4 Nb6 7. Bb3 g6 8. cxd4
Bg7 9. Bf4 d5 10. exd6 O-O 11. h3 exd6 12. O-O d5 13. Nc3 a6 14. Qd2 Na5 15.
Rad1 Nbc4 16. Bxc4 Nxc4 17. Qc1 Be6 18. Rfe1 Rc8 19. Ne5 b5 20. a3 Qa5 21. Nxc4
Rxc4 22. Be5 b4 23. axb4 Qxb4 24. Qd2 Qb6 25. Bxg7 Kxg7 26. Qe2 Qd6 27. Rd2 Rd8
28. Ra1 Re8 29. Qf3 Rb8 30. Qe2 Rbb4 31. Rad1 Kg8 32. Na2 Rb7 33. Nc3 Rbb4 34.
Na2 Rb7 35. Nc3 a5 36. Ra1 Qc7 37. Ra4 Rbb4 38. Rxb4 axb4 39. Na4 Rc1+ 40. Rd1
Rc2 41. Rd2 Rc1+ 42. Rd1 Qc2 43. Qxc2 Rxc2 44. b3 Bd7 45. Nc5 Bb5 46. g3 Be2
47. Re1 Bf3 48. Nd3 Rd2 49. Nxb4 Rxd4 50. Nc6 Rd2 51. Ne5 Be4 52. f3 Bc2 53. b4
f6 54. Nc6 Ba4 55. Rc1 Kf7 56. Rc5 Ke6 57. Na7 Ke5 58. Nc6+ Bxc6 59. Rxc6 Rb2
60. Rb6 f5 61. Rb7 Kd4 62. Rxh7 Ke3 63. Re7+ Kxf3 64. g4 f4 0-1

[Event "tm FRA 1st"]
[Site "France"]
[Date "1999.??.??"]
[Round "3"]
[White "Gurevich, Mikhail"]
[Black "Sulypa, Alexandre"]
[Result "1-0"]
[WhiteElo "2629"]
[BlackElo "2424"]
[Annotator "Gonfreville-Le Mans"]
[PlyCount "83"]
[EventDate "1999.??.??"]

1. c4 Nf6 2. Nc3 d5 3. cxd5 Nxd5 4. g3 Nxc3 5. bxc3 g6 6. Bg2 Bg7 7. Rb1 Nc6 8.
Qc2 O-O 9. Nf3 b6 10. O-O Bb7 11. d4 Na5 12. e4 Qd7 13. Bf4 Rfd8 14. Rfe1 c5
15. d5 Nc4 16. Rbd1 e5 17. Bg5 f6 18. Bf1 Nd6 19. Be3 Rf8 20. c4 Rae8 21. a4
Bc8 22. a5 f5 23. exf5 Qxf5 24. Qxf5 gxf5 25. axb6 axb6 26. Bd2 Ne4 27. Rb1
Nxd2 28. Nxd2 Bh6 29. Nf3 e4 30. Rxb6 Bg7 31. Ng5 Bd4 32. Nh3 Rf7 33. Nf4 Ra7
34. Bh3 Ra2 35. Re2 Ra1+ 36. Kg2 Ba6 37. Rxa6 Rxa6 38. Bxf5 Re5 39. Bxe4 Ra4
40. Ne6 Rxe4 41. Rxe4 Rxc4 42. d6 1-0

[Event "tm FRA 1st"]
[Site "France"]
[Date "1999.??.??"]
[Round "3"]
[White "Beikert, Guenther"]
[Black "Karr, Jean-Philippe"]
[Result "1-0"]
[WhiteElo "2440"]
[BlackElo "2347"]
[Annotator "Gonfreville-Le Mans"]
[PlyCount "151"]
[EventDate "1999.??.??"]

1. e4 c5 2. c3 Nf6 3. e5 Nd5 4. d4 cxd4 5. Nf3 Nc6 6. Bc4 Nb6 7. Bb3 d6 8. exd6
Qxd6 9. O-O Be6 10. Bxe6 Qxe6 11. Nxd4 Qd7 12. Nxc6 Qxc6 13. b3 Rd8 14. Qe2 Rd6
15. c4 Rg6 16. f3 e6 17. Nc3 Bc5+ 18. Be3 O-O 19. Bxc5 Qxc5+ 20. Qf2 Qh5 21.
Rad1 Rh6 22. h3 Qg5 23. Ne4 Qg6 24. Kh1 Nc8 25. Rd7 e5 26. Rfd1 Qc6 27. Qg3 Re6
28. Ng5 Ree8 29. Qh4 h6 30. Ne4 f5 31. Nc3 Nb6 32. R7d6 Qc5 33. Qh5 Qe3 34.
R6d3 Qc5 35. Qg6 Re7 36. Rd8 Ref7 37. Qe6 Qe7 38. Qxe7 Rxe7 39. Kg1 Rxd8 40.
Rxd8+ Kf7 41. c5 Nd7 42. Nd5 Nxc5 43. Nxe7 Kxe7 44. Rg8 Ne6 45. Rb8 Nd8 46. Rc8
Kd7 47. Rc1 Nc6 48. Kf2 Kd6 49. Rd1+ Ke6 50. Ke3 h5 51. g4 hxg4 52. hxg4 g6 53.
Rd2 Ke7 54. Rh2 Ke6 55. Rh7 Ne7 56. g5 Kd6 57. a4 Ke6 58. Kd3 Kd6 59. Kc4 Nc6
60. Rg7 Ne7 61. Rf7 Ke6 62. Rf6+ Kd7 63. a5 e4 64. fxe4 fxe4 65. a6 bxa6 66.
Rxa6 Nc6 67. Kc5 e3 68. Ra2 Ne5 69. Kd4 e2 70. Rxe2 Nf3+ 71. Kd5 Nxg5 72. Ra2
Kc7 73. Rxa7+ Kb6 74. Rg7 Nf3 75. Rxg6+ Kb5 76. Rg8 1-0

[Event "tm FRA 1st"]
[Site "France"]
[Date "1999.??.??"]
[Round "3"]
[White "Berthelot, Yannick"]
[Black "Rausis, Igors"]
[Result "0-1"]
[WhiteElo "2327"]
[BlackElo "2508"]
[Annotator "Le Mans-Gonfreville"]
[PlyCount "70"]
[EventDate "1999.??.??"]

1. e4 c6 2. d4 d5 3. Nc3 dxe4 4. Nxe4 Bf5 5. Ng3 Bg6 6. h4 h6 7. f4 e6 8. Nf3
Nd7 9. h5 Bh7 10. Bd3 Bxd3 11. Qxd3 Qb6 12. Qb3 Ngf6 13. Bd2 Bd6 14. O-O-O O-O
15. Ne5 Qxb3 16. axb3 Rfd8 17. c4 Rac8 18. b4 Ne8 19. Ne4 f5 20. Nf2 b5 21. b3
Bxe5 22. dxe5 bxc4 23. Be3 cxb3 24. Bxa7 Nc7 25. Kb2 Ra8 26. Ra1 Nd5 27. Nd3
Rdc8 28. Kxb3 Rc7 29. Bc5 Rac8 30. Ra6 Rb7 31. Kc4 Rcb8 32. g3 Nxc5 33. bxc5
Rb3 34. Rha1 Rc3+ 35. Kd4 Rbb3 0-1

[Event "tm FRA 1st"]
[Site "France"]
[Date "1999.??.??"]
[Round "3"]
[White "Eliet, Nicolas"]
[Black "Marcelin, Cyril"]
[Result "1/2-1/2"]
[WhiteElo "2408"]
[BlackElo "2383"]
[Annotator "Gonfreville-Le Mans"]
[PlyCount "115"]
[EventDate "1999.??.??"]

1. d4 e6 2. e4 d5 3. Nc3 Nf6 4. e5 Nfd7 5. f4 c5 6. Nf3 Nc6 7. Be3 cxd4 8. Nxd4
Bc5 9. Qd2 Nxd4 10. Bxd4 Bxd4 11. Qxd4 Qb6 12. O-O-O Qxd4 13. Rxd4 Ke7 14. h4
h5 15. Rh3 a6 16. Be2 g6 17. a4 b6 18. Re3 Bb7 19. Bf3 Rac8 20. Ne2 Rc7 21. Rc3
Rxc3 22. Nxc3 Rc8 23. Kd2 Nb8 24. Rb4 Nd7 25. a5 b5 26. Ne2 Nc5 27. Rd4 Ba8 28.
Nc1 Nb7 29. b4 Nd8 30. c3 Nc6 31. Rd3 Nb8 32. Nb3 Nd7 33. Re3 Bb7 34. g3 Ba8
35. Be2 Bb7 36. Bd3 Ba8 37. Re1 Bc6 38. Rg1 Rh8 39. Ke3 Kd8 40. Rc1 Ke7 41. Kd4
Rc8 42. Be2 Rh8 43. Nc5 Nxc5 44. Kxc5 Kd7 45. Kd4 Ke7 46. Rh1 Rc8 47. g4 hxg4
48. Bxg4 Be8 49. Be2 f5 50. exf6+ Kxf6 51. Bd3 Bf7 52. Rh2 Be8 53. Rg2 Bf7 54.
Rg3 Rc7 55. Rg1 Rc8 56. Re1 Rc7 57. Re5 Rc8 58. Rg5 1/2-1/2

[Event "tm FRA 1st"]
[Site "France"]
[Date "1999.??.??"]
[Round "3"]
[White "Blot, Jerome"]
[Black "Gervais, Claire"]
[Result "1-0"]
[WhiteElo "2253"]
[BlackElo "2201"]
[Annotator "Le Mans-Gonfreville"]
[PlyCount "83"]
[EventDate "1999.??.??"]

1. d4 Nf6 2. c4 e6 3. Nc3 Bb4 4. e3 O-O 5. Nge2 b6 6. a3 Be7 7. d5 Ba6 8. b3
exd5 9. cxd5 Bd6 10. Bb2 Re8 11. Nd4 Bxf1 12. Kxf1 c5 13. Nf5 Bf8 14. g4 Ne4
15. Nxe4 Rxe4 16. Rg1 g6 17. Qd3 Re8 18. Qc3 f6 19. g5 gxf5 20. gxf6+ Kf7 21.
Qc4 Re4 22. Qe2 Rh4 23. Qf3 Qe8 24. Qxf5 Qe4 25. Qg5 Qd3+ 26. Ke1 Qg6 27. Qxh4
Qxg1+ 28. Kd2 Qg6 29. Rc1 b5 30. Qh3 h5 31. f3 Qg5 32. Ke2 Qxd5 33. Rd1 Qg5 34.
Kf2 a5 35. Rg1 Qd5 36. Bc3 b4 37. e4 Qxb3 38. Qxh5+ Ke6 39. Qe5+ Kf7 40. Rg7+
Bxg7 41. Qe7+ Kg6 42. Qxg7+ 1-0

[Event "tm FRA 1st"]
[Site "France"]
[Date "1999.??.??"]
[Round "3"]
[White "Pecot, Laurent"]
[Black "Bujisho, Benjamin"]
[Result "0-1"]
[WhiteElo "2225"]
[BlackElo "2270"]
[Annotator "Gonfreville-Le Mans"]
[PlyCount "44"]
[EventDate "1999.??.??"]

1. d4 d5 2. Nf3 Nf6 3. e3 e6 4. Bd3 Bd6 5. Nbd2 c5 6. c3 Nc6 7. O-O O-O 8. Qe2
Qc7 9. dxc5 Bxc5 10. e4 h6 11. b4 Bd6 12. h3 Ne5 13. Nxe5 Bxe5 14. Bb2 dxe4 15.
Nxe4 Nd5 16. g3 Re8 17. a3 f5 18. Nc5 b6 19. Na6 Qd6 20. Rad1 Bb7 21. c4 Bxb2
22. Qxb2 Ne3 0-1

[Event "tm FRA 1st"]
[Site "France"]
[Date "1999.??.??"]
[Round "3"]
[White "Dacalor, Aurelie"]
[Black "Gouret, Thierry"]
[Result "1-0"]
[WhiteElo "2105"]
[BlackElo "2296"]
[Annotator "Le Mans-Gonfreville"]
[PlyCount "79"]
[EventDate "1999.??.??"]

1. d4 g6 2. c4 Bg7 3. Nc3 d6 4. e4 Nd7 5. f4 e5 6. Nf3 Ne7 7. Be2 O-O 8. O-O c6
9. Kh1 exd4 10. Nxd4 Nc5 11. f5 f6 12. Be3 Qc7 13. Bf4 Qd7 14. b4 Na6 15. Ne6
Re8 16. b5 Nc5 17. Nxg7 Kxg7 18. Bxd6 b6 19. e5 Nxf5 20. bxc6 Qe6 21. Nd5 Nxd6
22. Nc7 Qxe5 23. Qxd6 Bf5 24. Qxe5 fxe5 25. Rae1 Rab8 26. Nxe8+ Rxe8 27. Bf3
Bd3 28. Rf2 e4 29. Bg4 Bxc4 30. c7 Nd3 31. Rc2 Ba6 32. Re3 Nc5 33. Rd2 Nd3 34.
h3 Kf6 35. Kh2 h5 36. Bd7 Rh8 37. Rxe4 Nc5 38. Re8 Rxe8 39. Bxe8 Ke7 40. Bxg6
1-0

[Event "tm FRA 1st"]
[Site "France"]
[Date "1999.??.??"]
[Round "3"]
[White "Hebden, Mark"]
[Black "De Sousa, Jose-Claude"]
[Result "1-0"]
[WhiteElo "2556"]
[BlackElo "2275"]
[Annotator "Clichy-Caissa"]
[PlyCount "41"]
[EventDate "1999.??.??"]

1. d4 Nf6 2. Nf3 e6 3. c3 c5 4. Bg5 Be7 5. Nbd2 b6 6. e4 cxd4 7. cxd4 Bb7 8.
Bd3 O-O 9. Qe2 d6 10. h4 Re8 11. O-O-O Qc8+ 12. Kb1 Ba6 13. Bxf6 Bxd3+ 14. Qxd3
Bxf6 15. e5 dxe5 16. dxe5 Be7 17. Ng5 g6 18. Qf3 Bxg5 19. hxg5 Qc6 20. Ne4 Rc8
21. Rc1 1-0